| 000 | 01010nam0a22002651 4500 | ||
|---|---|---|---|
| 001 | rc\4136743 | ||
| 005 | 20260407012343.0 | ||
| 035 | _a(NLR Aleph) 007987281 | ||
| 090 |
_a8557001 _c8557001 |
||
| 100 | _a20130415d1949 |||y0rusy50 ca | ||
| 101 | 0 |
_arus _aest |
|
| 102 | _aRU | ||
| 105 | _ay b ||||| | ||
| 200 | 1 |
_aКаталог юбилейной выставки. 1799-1949 _fГос. Публичная б-ка ЭССР. 4.06-13.06.1949 |
|
| 210 |
_aТаллин _cДом искусства _d1949 |
||
| 215 |
_a34 с. _d21 |
||
| 300 | _aТекст на рус. и эст. яз. | ||
| 702 | 1 |
_4570 _8rus _7ca _aПушкин _bА. С. _cпоэт _f1799-1837 _gАлександр Сергеевич _3RU\NLR\AUTH\77386 _9110441 |
|
| 710 | 1 | 2 |
_a"А.С.Пушкин. Жизнь и творчество", выставка _f1949 _eТаллин _3RU\NLR\AUTH\8810000126 _9497418 |
| 801 | 0 |
_aRU _bNLR _gpsbo |
|
| 801 | 1 |
_aRU _bELAR _2rusmarc |
|
| 852 |
_aNLR _jБ 8625/П-913 |
||
| 942 | _cBOOK | ||
| 980 | _aNB | ||